UBT Library

The Virginian, (Record no. 42073)

000 -LEADER
fixed length control field 00459cam a2200193u 4500
001 - CONTROL NUMBER
control field 5937311
005 - DATE AND TIME OF LATEST TRANSACTION
control field 20180208033845.0
008 - FIXED-LENGTH DATA ELEMENTS--GENERAL INFORMATION
fixed length control field 830617s1929 nyuaf 000 0 eng
010 ## - LIBRARY OF CONGRESS CONTROL NUMBER
LC control number 30012328
040 ## - CATALOGING SOURCE
Original cataloging agency DLC
Transcribing agency CarP
Modifying agency DLC
041 ## - LANGUAGE CODE
Language code of text/sound track or separate title eng
080 ## - UNIVERSAL DECIMAL CLASSIFICATION NUMBER
Universal Decimal Classification number 821
082 ## - DEWEY DECIMAL CLASSIFICATION NUMBER
Edition number 821 WIS
100 1# - Rafti
Rafti 21
101 ## - Shkurtesa
Shkurtesa GJL
245 14 - TITLE STATEMENT
Title The Virginian,
906 ## - LOCAL DATA ELEMENT F, LDF (RLIN)
a 0
b cbc
c premunv
d u
e ncip
f 19
g y-gencatlg
942 ## - ADDED ENTRY ELEMENTS (KOHA)
Source of classification or shelving scheme
Item type Books
Holdings
Withdrawn status Lost status Source of classification or shelving scheme Damaged status Not for loan Collection code Permanent location Current location Shelving location Date acquired Total Checkouts Full call number Barcode Date last seen Price effective from Koha item type
          Koleksioni i përgjithshem UBT - Lipjan UBT - Lipjan Koleksioni i përgjithshem 02/08/2018   821 WIS 002-2998620 02/08/2018 02/08/2018 Books
UBT Library © 2015-2024. All rights reserved University Education for Business and Technology